A tudomány határai hasonlatok és szóképek a tudomány világában
Elmentve itt :
| Szerző: | |
|---|---|
| További közreműködők: | |
| Adatforrás: | Philobibl |
| Dokumentumtípus: | Könyv |
| Nyelv: | magyar |
| Kulcsszavak: | világkép tudományszociológia tudományelmélet tudományfilozófia kvantumfizika |
| Megjelent: |
Budapest
Kairosz
2011
|
| LEADER | 00580nam a2200181 c 4500 | ||
|---|---|---|---|
| 001 | bibPHI0043569 | ||
| 005 | 20200924125032.4 | ||
| 008 | 120123s2011 hu f hun d | ||
| 100 | 1 | |a Dürr, Hans Peter | |
| 245 | 1 | 2 | |a A tudomány határai |b hasonlatok és szóképek a tudomány világában |c Hans Peter Dürr ; [ford. Révészné Szabó Mária] |
| 260 | |a Budapest |b Kairosz |c 2011 | ||
| 300 | |a 120 p. | ||
| 695 | |a világkép | ||
| 695 | |a tudományszociológia | ||
| 695 | |a tudományelmélet | ||
| 695 | |a tudományfilozófia | ||
| 695 | |a kvantumfizika | ||
| 700 | 2 | |a Révészné Szabó Mária | |